<?xml version="1.0" encoding="UTF-8"?>
<marc:record xmlns:marc="http://www.loc.gov/MARC21/slim">
   <marc:leader>00000nam a2200000 a 4500</marc:leader>
   <marc:datafield ind1="1" ind2=" " tag="100">
      <marc:subfield code="a">Bahadori, Babak</marc:subfield>
      <marc:subfield code="4">aut</marc:subfield>
      <marc:subfield code="e">Verfasser/-in</marc:subfield>
   </marc:datafield>
   <marc:datafield ind1=" " ind2=" " tag="653">
      <marc:subfield code="a">Stoffwechsel</marc:subfield>
   </marc:datafield>
   <marc:datafield ind1=" " ind2=" " tag="653">
      <marc:subfield code="a">Biorhythmus</marc:subfield>
   </marc:datafield>
   <marc:datafield ind1=" " ind2=" " tag="653">
      <marc:subfield code="a">Abnehmen</marc:subfield>
   </marc:datafield>
   <marc:datafield ind1=" " ind2=" " tag="653">
      <marc:subfield code="a">Fasten</marc:subfield>
   </marc:datafield>
   <marc:datafield ind1=" " ind2=" " tag="653">
      <marc:subfield code="a">Wasser</marc:subfield>
   </marc:datafield>
   <marc:datafield ind1="0" ind2="0" tag="245">
      <marc:subfield code="a">Die 7 Stufen zum Gleichgewicht</marc:subfield>
   </marc:datafield>
   <marc:datafield ind1="0" ind2="0" tag="245">
      <marc:subfield code="b">Abnehmen auf sanfte Weise</marc:subfield>
   </marc:datafield>
   <marc:datafield ind1="0" ind2="0" tag="245">
      <marc:subfield code="c">Babak Bahadori</marc:subfield>
   </marc:datafield>
   <marc:datafield ind1=" " ind2="1" tag="264">
      <marc:subfield code="a">Graz</marc:subfield>
      <marc:subfield code="b">Gebetsroither</marc:subfield>
      <marc:subfield code="c">2005</marc:subfield>
   </marc:datafield>
   <marc:datafield ind1=" " ind2=" " tag="250">
      <marc:subfield code="a">3. Aufl.</marc:subfield>
   </marc:datafield>
   <marc:datafield ind1="1" ind2=" " tag="520">
      <marc:subfield code="a">Dieses Buch ist revolutionär - ein sanfter Weg abzunehmen, ohne Opfer bringen zu müssen und voll gepackt mit Erfolgsgeschichten, Optimismus und Energie. Ich habe das Konzept selbst in die Tat umgesetzt und kann daher aus Erfahrung sagen: Alles trifft zu, wie es der Autor schildert. Man kann dieses tolle Gefühl der Ausgeglichenheit am eigenen Körper spüren, wenn man seine Ratschläge befolgt, die Entspannungsübungen macht und seine Mahlzeiten und Essgewohnheiten auf das 7 Stufen Konzept abstimmt. Die Erfolge lassen nicht auf sich warten - wenn man die ersten Zeilen nach der Inhaltsangabe verschlingt, wird man geduldig von einer Stufe in die Nächsten geführt - ein Weg zurück ins Leben, raus aus dem Diätwahnsinn und Gewichtsproblemen.</marc:subfield>
   </marc:datafield>
   <marc:datafield ind1=" " ind2=" " tag="020">
      <marc:subfield code="a">320000469X</marc:subfield>
      <marc:subfield code="9">320000469X</marc:subfield>
   </marc:datafield>
   <marc:datafield ind1=" " ind2=" " tag="300">
      <marc:subfield code="a">152 S.: farbig ill.</marc:subfield>
   </marc:datafield>
</marc:record>
